American trade with Singapore, 1819 - 65 (Record no. 43011)

MARC details
000 -LEADER
fixed length control field 00778nam a2200241 i 4500
001 - CONTROL NUMBER
control field C2-0137599
003 - CONTROL NUMBER IDENTIFIER
control field PPAK
005 - DATE AND TIME OF LATEST TRANSACTION
control field 20180727124304.0
008 - FIXED-LENGTH DATA ELEMENTS--GENERAL INFORMATION
fixed length control field 971215s1965 si |||| ||||| | eng d
040 ## - CATALOGING SOURCE
Original cataloging agency PPAK
Language of cataloging eng
Transcribing agency PPAK
Description conventions rda
082 04 - DEWEY DECIMAL CLASSIFICATION NUMBER
Classification number 337.2305957
Edition number 23
090 00 - LOCALLY ASSIGNED LC-TYPE CALL NUMBER (OCLC); LOCAL CALL NUMBER (RLIN)
Classification number (OCLC) (R) ; Classification number, CALL (RLIN) (NR) 337.2305957
Feature heading SHA
Feature heading KK
100 0# - MAIN ENTRY--PERSONAL NAME
Personal name Sharom Ahmat,
Relator term author
245 10 - TITLE STATEMENT
Title American trade with Singapore, 1819 - 65
264 #1 - PRODUCTION, PUBLICATION, DISTRIBUTION, MANUFACTURE, AND COPYRIGHT NOTICE
Place of production, publication, distribution, manufacture [Singapore] :
Name of producer, publisher, distributor, manufacturer [Malayan Branch of Royal Asiatic Society] ,
Date of production, publication, distribution, manufacture, or copyright notice 1965
300 ## - PHYSICAL DESCRIPTION
Extent [18 pages] ;
Dimensions 22 cm
336 ## - CONTENT TYPE
Source rdacontent
Content type term text
337 ## - MEDIA TYPE
Source rdamedia
Media type term unmediated
338 ## - CARRIER TYPE
Source rdacarrier
Carrier type term volume
500 ## - GENERAL NOTE
General note From Journal of Malayan Branch of Royal Asiatic Society , 1965 : 38(2) 240 - 247
650 10 - SUBJECT ADDED ENTRY--TOPICAL TERM
Topical term or geographic name entry element Malaysia - Foreign Economic Relations
942 ## - ADDED ENTRY ELEMENTS (KOHA)
-- dc
Koha item type Book
Holdings
Withdrawn Not for loan Current library Shelving location Date acquired Full call number Barcode Date last seen Koha item type
  Not For Loan Perpustakaan Alor Setar Koleksi Kedah 22/08/1999 KK 337.2305957 SHA A00154543 08/05/2018 Book